Busiest Airports by Country #3 - Statistics

General Stats
  • This quiz has been taken 135 times
  • The average score is 24 of 32
Answer Stats
# Answer % Correct
India 57.7 M Delhi
98%
India 45.2 M Mumbai
98%
USA 50.5 M Atlanta
97%
USA 29.2 M New York City (JFK)
97%
Colombia 31.0 M Bogotá
96%
USA 39.6 M Los Angeles
95%
USA 25.7 M San Francisco
95%
USA 31.3 M Dallas / Fort Worth
94%
Australia 34.9 M Melbourne
94%
Australia 42.6 M Sydney
94%
Australia 8.1 M Adelaide
93%
USA 37.6 M Chicago (O'Hare)
92%
Australia 12.5 M Perth
92%
India 15.8 M Kolkata
91%
India 22.9 M Bengaluru
86%
Australia 22.7 M Brisbane
85%
India 17.7 M Chennai
85%
Colombia 7.7 M Medellín
84%
Australia 3.0 M Canberra
83%
India 15.1 M Hyderabad
83%
USA 28.3 M Denver
82%
Colombia 5.6 M Cali
75%
India 7.4 M Ahmedabad
73%
Australia 6.5 M Gold Coast
73%
USA 22.8 M Las Vegas
67%
Australia 4.9 M Cairns
59%
Colombia 2.9 M Barranquilla
53%
Colombia 4.4 M Cartagena
50%
India 9.0 M Kochi
25%
Colombia 1.8 M Bucaramanga
17%
Colombia 2.2 M San Andrés
8%
Colombia 1.5 M Pereira
6%
No matching quizzes found
Score Distribution
Percent of People with Each Score
Percentile by Number Answered
Your Score History
You have not taken this quiz